Представление документа в формате RUSMARC

ПолеНазваниеЗначение
  Тип записи a
  Библиографический уровень m
001 Контрольный номер 342e55e63a164554b1c333078f9b68fd
005 Дата корректировки 20150430140013.2
010 Индекс ISBN __
a ISBN 978-5-91131-825-3
101 Язык документа 0_
a Язык текста rus
102 Страна публикации __
a Страна публикации RU
200 Заглавие и сведения об ответственности 1_
a Заглавие Валютные операции
e Сведения, относящиеся к заглавию учеб. пособие
f Первые сведения об ответственности Т. П. Варламова, М. А. Варламова
b Общее обозначение материала Текст
210 Выходные данные 1_
c Издательство Дашков и К
a Место издания М.
d Дата издания 2008
215 Физическое описание __
a Объем 271, [1] с.
610 Ключевые слова 0_
a Ключевые слова валютные операции
610 Ключевые слова 0_
a Ключевые слова валютный рынок
610 Ключевые слова 0_
a Ключевые слова коммерческие банки
610 Ключевые слова 0_
a Ключевые слова валютный контроль
610 Ключевые слова 0_
a Ключевые слова валютные сделки
610 Ключевые слова 0_
a Ключевые слова форвардные валютные контракты
610 Ключевые слова 0_
a Ключевые слова хеджирование
610 Ключевые слова 0_
a Ключевые слова фьючерсы
610 Ключевые слова 0_
a Ключевые слова опционы
610 Ключевые слова 0_
a Ключевые слова своп
610 Ключевые слова 0_
a Ключевые слова учебное пособие
686 Индексы других классификаций __
a Классификационный индекс 65.268
2 Код системы rubbk
700 Автор _1
a Фамилия Варламова
b Имя Т. П.
701 Альтернативная интеллектуальная ответственность _1
a Фамилия Варламова
b Имя М. А.
e Роль лиц Автор
4 Код отношения 070
801 Источник записи _0
a Страна RU
b Организация РУК
c Дата составления 20150430
g Правила каталогизации PSBO
801 Источник записи _1
a Страна RU
b Организация РУК
c Дата составления 20150430
g Правила каталогизации PSBO
852 Данные о местонахождении __
i Авторский знак В 18
j Шифр хранения ББК 65.628
901 Тип документа __
t Тип документа m
937 Технологическая информация __
a Создатель записи (имя) Зоткина
938 Служебная информация __
a Название организации Владимирский филиал
952 Тип литературы __
c Вид литературы учебное пособие